[Event "Titled Tue 1st Jul Early"]
[Site "chess.com INT"]
[Date "2025.07.01"]
[Round "11"]
[White "Cacheiro Blanco, Diego"]
[Black "Nikookar, Mahdi"]
[Result "1-0"]
[WhiteTitle "FM"]
[BlackTitle "FM"]
[WhiteElo "2383"]
[BlackElo "2216"]
[WhiteFideId "54541042"]
[BlackFideId "22552987"]
[EventDate "2025.07.01"]

1. Nf3 Nf6 2. c4 g6 3. Nc3 Bg7 4. d4 O-O 5. e4 d6 6. Be2 e5 7. O-O exd4 8. Nxd4
Re8 9. f3 c6 10. Kh1 Nbd7 11. Nc2 Qe7 12. Be3 Nc5 13. Qd2 Nh5 14. Rad1 Ne6 15.
Qxd6 Qxd6 16. Rxd6 a5 17. Rdd1 a4 18. Nd4 Nxd4 19. Bxd4 a3 20. b3 Bxd4 21. Rxd4
Ng7 22. Rfd1 Ne6 23. R4d2 Rb8 24. Nb1 Ra8 25. Kg1 Kf8 26. Kf2 Ke7 27. Ke3 c5 28.
Rd5 Bd7 29. Nc3 Bc8 30. f4 b6 31. g3 Nd4 32. R1xd4 cxd4+ 33. Kxd4 Be6 34. Rb5
Rab8 35. e5 Bd7 36. Nd5+ Kd8 37. Rxb6 Rxb6 38. Nxb6 Kc7 39. Nd5+ Kb7 40. Bd3 Rd8
41. b4 Be6 42. Be4 Ka7 43. b5 Rc8 44. c5 1-0

[Event "Titled Tue 1st Jul Early"]
[Site "chess.com INT"]
[Date "2025.07.01"]
[Round "11"]
[White "Zhukov, Ivan"]
[Black "Dann, Matthias"]
[Result "1-0"]
[WhiteTitle "CM"]
[BlackTitle "IM"]
[WhiteElo "2044"]
[BlackElo "2434"]
[WhiteFideId "54114748"]
[BlackFideId "24638056"]
[EventDate "2025.07.01"]

1. d4 Nf6 2. c4 e6 3. Nc3 Bb4 4. Qc2 d6 5. a3 Bxc3+ 6. bxc3 c5 7. e4 Nc6 8. d5
Na5 9. Bd3 O-O 10. Ne2 exd5 11. exd5 b6 12. O-O Ba6 13. Ng3 Bxc4 14. Bxc4 Nxc4
15. Nf5 Re8 16. Qd3 Ne5 17. Qg3 Nh5 18. Qh3 g6 19. Nh6+ Kg7 20. f4 Nd7 21. f5
Nhf6 22. Bg5 Qe7 23. Ng4 h5 24. Nxf6 Nxf6 25. fxg6 Qe4 26. Bxf6+ Kxg6 27. Qg3+
Qg4 28. Qxd6 Re2 29. Be5+ Kh7 30. Rxf7+ 1-0

[Event "Titled Tue 1st Jul Early"]
[Site "chess.com INT"]
[Date "2025.07.01"]
[Round "11"]
[White "Sobek, Jaroslav"]
[Black "Legenia, Artem"]
[Result "0-1"]
[WhiteTitle "FM"]
[WhiteElo "2195"]
[BlackElo "2092"]
[WhiteFideId "301388"]
[BlackFideId "14136945"]
[EventDate "2025.07.01"]

1. d4 e6 2. c4 b6 3. a3 Bb7 4. Nc3 Nf6 5. Qc2 c5 6. d5 exd5 7. cxd5 Nxd5 8. Qe4+
Qe7 9. Qc2 Nxc3 10. Qxc3 Nc6 11. e3 d5 12. Bb5 a6 13. Bxc6+ Bxc6 14. Nf3 Qf6 15.
Qxf6 gxf6 16. O-O O-O-O 17. Rd1 Bd6 18. Bd2 Kb7 19. Bc3 Be7 20. Nh4 Rd7 21. Nf5
Bd8 22. Rd2 Rg8 23. g3 Rg5 24. Nh4 b5 25. b4 d4 26. exd4 c4 27. Rad1 Bd5 28. Ng2
h5 0-1

[Event "Titled Tue 1st Jul Early"]
[Site "chess.com INT"]
[Date "2025.07.01"]
[Round "11"]
[White "Carrasco Miranda, Andres"]
[Black "Ruiz Aguilar, Pablo Alexander"]
[Result "1-0"]
[WhiteTitle "CM"]
[BlackTitle "FM"]
[WhiteElo "2226"]
[BlackElo "2141"]
[WhiteFideId "3405990"]
[BlackFideId "4401352"]
[EventDate "2025.07.01"]

1. Nf3 Nf6 2. c4 c6 3. g3 d5 4. Bg2 e6 5. d4 Nbd7 6. Nbd2 Be7 7. O-O O-O 8. Qc2
b6 9. e4 Bb7 10. e5 Ne8 11. cxd5 cxd5 12. Re1 Rc8 13. Qa4 a6 14. Nf1 b5 15. Qd1
Nb6 16. h4 h6 17. Bf4 Nc4 18. b3 Na3 19. Ne3 b4 20. Ng4 Nc2 21. Bxh6 Nxa1 22.
Qd2 Rc2 23. Qf4 Rxa2 24. Bxg7 Nxg7 25. Nf6+ Bxf6 26. exf6 Nc2 27. Re5 Qxf6 28.
Qxf6 1-0

[Event "Titled Tue 1st Jul Early"]
[Site "chess.com INT"]
[Date "2025.07.01"]
[Round "11"]
[White "Tica, Sven"]
[Black "Jammalamadaka, Vihaan"]
[Result "1-0"]
[WhiteTitle "IM"]
[BlackTitle "CM"]
[WhiteElo "2442"]
[BlackElo "1977"]
[WhiteFideId "14526948"]
[BlackFideId "30977134"]
[EventDate "2025.07.01"]

1. Nf3 Nf6 2. g3 g6 3. Bg2 Bg7 4. O-O O-O 5. d4 d5 6. b3 b6 7. Bb2 Bb7 8. Nbd2
Ne4 9. c4 e6 10. e3 Nd7 11. Qc2 Ndf6 12. Rac1 Rc8 13. Rfd1 a5 14. Ne5 Nxd2 15.
Rxd2 h5 16. Qd1 Ne4 17. Rdc2 h4 18. Qg4 hxg3 19. hxg3 Nf6 20. Qh3 Ne4 21. Bxe4
dxe4 22. Kg2 Re8 23. Rh1 Qd6 24. c5 bxc5 25. Ba3 Bxe5 26. dxe5 1-0

[Event "Titled Tue 1st Jul Early"]
[Site "chess.com INT"]
[Date "2025.07.01"]
[Round "11"]
[White "Hernandez Leon, Sergio"]
[Black "Kislinsky, Alexey"]
[Result "0-1"]
[WhiteTitle "CM"]
[BlackTitle "GM"]
[WhiteElo "2109"]
[BlackElo "2341"]
[WhiteFideId "2285622"]
[BlackFideId "14108801"]
[EventDate "2025.07.01"]

1. e4 c6 2. Nc3 d5 3. Nf3 Bg4 4. d4 dxe4 5. Nxe4 Nd7 6. h3 Bh5 7. g4 Bg6 8. Ng3
e6 9. h4 h6 10. Bd3 Bxd3 11. Qxd3 Ngf6 12. g5 hxg5 13. hxg5 Rxh1+ 14. Nxh1 Nd5
15. a3 g6 16. c4 N5b6 17. Bf4 Qe7 18. c5 Nd5 19. Bh2 O-O-O 20. Ng3 e5 21. Ne4
Bg7 22. Nd6+ Kb8 23. dxe5 Nxe5 24. Nxe5 Bxe5 25. Bxe5 Qxe5+ 26. Qe2 Qxg5 27. Rd1
Rh8 28. Qf3 Nf4 29. Rd4 Ng2+ 30. Ke2 Qxc5 31. Nxf7 Re8+ 32. Re4 Qc4+ 0-1

[Event "Titled Tue 1st Jul Early"]
[Site "chess.com INT"]
[Date "2025.07.01"]
[Round "11"]
[White "Grot, Blazej"]
[Black "Evdokimov, Alexey"]
[Result "0-1"]
[WhiteTitle "CM"]
[BlackTitle "FM"]
[WhiteElo "2207"]
[BlackElo "2205"]
[WhiteFideId "21835845"]
[BlackFideId "24162450"]
[EventDate "2025.07.01"]

1. d4 Nf6 2. c4 g6 3. Nc3 Bg7 4. e4 d6 5. Be2 O-O 6. h4 c5 7. d5 e6 8. h5 exd5
9. exd5 Re8 10. h6 Bh8 11. Kf1 Ne4 12. Nxe4 Rxe4 13. Bd3 Re8 14. Nf3 Bg4 15. Rb1
Nd7 16. Bf4 Ne5 17. Bxe5 Bxe5 18. b4 b6 19. Be2 Bxf3 20. Bxf3 Bd4 21. g3 Qf6 22.
Kg2 Re5 23. Qd3 Rae8 24. bxc5 Bxc5 25. a4 a5 26. Rb2 Re3 27. fxe3 Qxb2+ 28. Qe2
Qxe2+ 29. Bxe2 Rxe3 30. Bf3 f5 31. Rd1 Kf7 32. Rd2 g5 33. Bh5+ Kf6 34. Re2 Rxe2+
35. Bxe2 g4 36. Bd3 Be3 37. Kh2 Bxh6 38. Kg2 Be3 39. Bb1 Kg5 40. Bc2 h5 41. Bd3
f4 42. gxf4+ Bxf4 43. Be4 h4 44. Bc2 h3+ 45. Kh1 g3 46. Be4 g2+ 47. Bxg2 hxg2+
48. Kxg2 Kf5 49. Kf3 Ke5 50. Ke2 Kd4 51. Kf3 Kxc4 52. Kxf4 Kxd5 53. Kf5 Kc4 54.
Ke6 d5 55. Kd6 d4 56. Kc7 d3 57. Kxb6 d2 58. Kxa5 d1=Q 59. Ka6 Qb3 60. a5 Kc5
61. Ka7 Kc6 62. a6 Kc7 63. Ka8 Qb8# 0-1

[Event "Titled Tue 1st Jul Early"]
[Site "chess.com INT"]
[Date "2025.07.01"]
[Round "11"]
[White "Fikiet, Alex"]
[Black "Kopczynski, Michal"]
[Result "0-1"]
[BlackTitle "CM"]
[WhiteElo "2151"]
[BlackElo "2225"]
[WhiteFideId "2052717"]
[BlackFideId "1124200"]
[EventDate "2025.07.01"]

1. e4 b6 2. d4 Bb7 3. Nc3 e6 4. a3 Nf6 5. Bd3 d5 6. e5 Nfd7 7. f4 c5 8. Nf3 Nc6
9. Be3 f5 10. exf6 gxf6 11. O-O Qe7 12. f5 cxd4 13. fxe6 Qxe6 14. Bxd4 Nxd4 15.
Nxd4 Qe3+ 16. Kh1 O-O-O 17. Bf5 Bc5 18. Ne6 d4 19. Nb5 Rdg8 20. Rf3 Bxf3 21.
Qxf3 Qxf3 22. gxf3 a6 23. Nxc5 bxc5 24. Nd6+ Kc7 25. Nf7 Ne5 26. Nxh8 Rxh8 27.
f4 Nc4 28. Re1 Ne3 29. Bd3 c4 30. Be4 f5 31. Bf3 Nxc2 32. Re5 d3 33. Rc5+ Kd6
34. Rxc4 Re8 35. Kg2 Ne3+ 0-1

[Event "Titled Tue 1st Jul Early"]
[Site "chess.com INT"]
[Date "2025.07.01"]
[Round "11"]
[White "Onyshchuk, Volodymyr"]
[Black "Habans Aguerrea, Javier"]
[Result "0-1"]
[WhiteTitle "GM"]
[BlackTitle "IM"]
[WhiteElo "2607"]
[BlackElo "2448"]
[WhiteFideId "14114038"]
[BlackFideId "24524689"]
[EventDate "2025.07.01"]

1. Nf3 d5 2. g3 Nf6 3. Bg2 Bf5 4. O-O e6 5. d3 Be7 6. c4 c6 7. cxd5 cxd5 8. Nc3
Nc6 9. Nh4 Bg4 10. h3 Bh5 11. g4 Bg6 12. Qb3 Qd7 13. Bd2 O-O 14. Rac1 Rfc8 15.
Nxg6 hxg6 16. Qd1 Bd6 17. e3 Qe7 18. d4 Nd7 19. Qe2 a6 20. Rfd1 Rc7 21. Be1 Rac8
22. a3 Nf6 23. Na4 Nxd4 24. exd4 Rxc1 25. Nc3 Rxd1 26. Qxd1 b5 27. Bf1 Bc7 28.
Bg2 Bb6 29. Ne2 Qc7 30. Bc3 Ne4 31. Qd3 Nxc3 32. bxc3 Qd6 33. a4 bxa4 34. Qxa6
Qc6 35. Nf4 Ra8 0-1

[Event "Titled Tue 1st Jul Early"]
[Site "chess.com INT"]
[Date "2025.07.01"]
[Round "11"]
[White "Chan, Yi Ren Daniel"]
[Black "Ibrahimli, Murad"]
[Result "0-1"]
[WhiteTitle "FM"]
[BlackTitle "IM"]
[WhiteElo "2309"]
[BlackElo "2438"]
[WhiteFideId "5801583"]
[BlackFideId "13410229"]
[EventDate "2025.07.01"]

1. e4 c5 2. Nf3 d6 3. d4 cxd4 4. Nxd4 Nf6 5. Nc3 a6 6. Bc4 e6 7. Bb3 Nbd7 8. f4
Nc5 9. O-O Qc7 10. Qe2 b5 11. e5 dxe5 12. fxe5 Nfd7 13. Qf3 Nb6 14. Bg5 Bb7 15.
Qf2 b4 16. Ndb5 axb5 17. Nxb5 Qd7 18. Rad1 Bd5 19. Be3 Rc8 20. c4 bxc3 21. bxc3
Ne4 22. Qf4 Nc4 23. Bd4 g5 24. Qf3 Bg7 25. Bxc4 Rxc4 26. Nd6+ Nxd6 27. exd6
Bxd4+ 28. Rxd4 Bxf3 29. Rxc4 Be2 30. Rc7 Bxf1 31. Rxd7 Kxd7 0-1

[Event "Titled Tue 1st Jul Early"]
[Site "chess.com INT"]
[Date "2025.07.01"]
[Round "11"]
[White "Khalafvand, Dorsa Sadat"]
[Black "Aakash, G"]
[Result "1-0"]
[WhiteTitle "WCM"]
[BlackTitle "FM"]
[WhiteElo "1985"]
[BlackElo "2126"]
[WhiteFideId "36767522"]
[BlackFideId "25644394"]
[EventDate "2025.07.01"]

1. c4 e6 2. Nc3 d5 3. d4 Be7 4. cxd5 exd5 5. Bf4 Nf6 6. e3 O-O 7. Bd3 c5 8. dxc5
Bxc5 9. Nf3 Be6 10. O-O Nbd7 11. Rc1 h6 12. Nb5 Bg4 13. h3 Be6 14. Qe2 Rc8 15.
Bd6 Bxd6 16. Nxd6 Rxc1 17. Rxc1 Qb6 18. Nb5 Nc5 19. b3 Bd7 20. Nbd4 Nfe4 21. Ne5
Be8 22. Qc2 f6 23. Nef3 Bf7 24. Nd2 Nxd3 25. Qxd3 Bg6 26. Qe2 Nd6 27. Qd1 Qa5
28. a4 Re8 29. N2f3 a6 30. Nh4 Be4 31. Qg4 Nf7 32. Nhf5 g5 33. Qh5 Qd2 34. Qg6+ 1-0

[Event "Titled Tue 1st Jul Early"]
[Site "chess.com INT"]
[Date "2025.07.01"]
[Round "11"]
[White "Zlatkov, Anton"]
[Black "Galaktionov, Artem"]
[Result "0-1"]
[WhiteTitle "FM"]
[BlackTitle "FM"]
[WhiteElo "2330"]
[BlackElo "2360"]
[WhiteFideId "15005402"]
[BlackFideId "24175471"]
[EventDate "2025.07.01"]

1. e4 c6 2. d4 g6 3. Nc3 Bg7 4. h3 d6 5. Nf3 Nd7 6. a4 e5 7. dxe5 dxe5 8. Bc4
Ngf6 9. O-O O-O 10. Be3 Qe7 11. a5 Nc5 12. Nd2 Rd8 13. Qe2 Nh5 14. Kh2 Nf4 15.
Qf3 Nce6 16. Nb3 h5 17. Bxe6 Nxe6 18. Rfd1 Nd4 19. Bxd4 exd4 20. Ne2 c5 21. Nd2
Qe5+ 22. Kg1 Be6 23. Nf4 b5 24. axb6 axb6 25. Nxe6 Qxe6 26. Qd3 Qc6 27. b3 b5
28. Rxa8 Rxa8 29. Re1 Re8 30. h4 Rc8 31. e5 Re8 32. f4 Bf8 33. g3 Rc8 34. e6 c4
35. exf7+ Kxf7 36. bxc4 bxc4 37. Qe4 Qxe4 38. Nxe4 Be7 39. Ng5+ Bxg5 40. hxg5
Rb8 41. Re4 Rb2 42. Rxd4 Rxc2 43. Rd6 c3 44. Rf6+ Ke7 45. Rxg6 Rd2 46. Rc6 c2
47. f5 Rd1+ 48. Kg2 c1=Q 49. Rxc1 Rxc1 50. Kf3 Rc4 0-1

[Event "Titled Tue 1st Jul Early"]
[Site "chess.com INT"]
[Date "2025.07.01"]
[Round "11"]
[White "Cernov, Henrik"]
[Black "Szpar, Milosz"]
[Result "0-1"]
[WhiteTitle "FM"]
[BlackTitle "IM"]
[WhiteElo "2258"]
[BlackElo "2490"]
[WhiteFideId "16258312"]
[BlackFideId "1184989"]
[EventDate "2025.07.01"]

1. e4 e6 2. d4 d5 3. Nd2 c5 4. Ngf3 Nc6 5. Bb5 a6 6. Bxc6+ bxc6 7. O-O Nf6 8.
exd5 cxd5 9. c3 Bd6 10. Qe2 O-O 11. Ne5 a5 12. Rd1 Ba6 13. Qe3 cxd4 14. cxd4 Qb6
15. Ndf3 Rac8 16. Bd2 a4 17. Bc3 a3 18. bxa3 Bxa3 19. Rab1 Qd6 20. Ba5 Rb8 21.
Ng5 Bb2 22. Qd2 Qa3 23. Nc6 h6 24. Bb4 Qa4 25. Bxf8 Qxc6 26. Rxb2 Rxf8 27. Nf3
Ne4 28. Qe3 Qa4 29. Rdb1 Kh7 30. h4 Bc4 31. Rb8 Rxb8 32. Rxb8 Qd1+ 33. Kh2 Qf1
34. Ng5+ hxg5 35. hxg5 Nxf2 36. Qf4 Qh1+ 37. Kg3 Ne4+ 38. Kf3 Qf1+ 39. Ke3 Qe2# 0-1

[Event "Titled Tue 1st Jul Early"]
[Site "chess.com INT"]
[Date "2025.07.01"]
[Round "11"]
[White "Durarbayli, Vasif"]
[Black "Javakhadze, Zurab"]
[Result "1-0"]
[WhiteTitle "GM"]
[BlackTitle "IM"]
[WhiteElo "2612"]
[BlackElo "2418"]
[WhiteFideId "13402935"]
[BlackFideId "13603647"]
[EventDate "2025.07.01"]

1. e4 e5 2. Nf3 Nc6 3. d4 exd4 4. Nxd4 Nf6 5. Nxc6 bxc6 6. e5 Qe7 7. Qe2 Nd5 8.
h4 g6 9. c4 Ba6 10. Bg5 Qb4+ 11. Nd2 Qxb2 12. Rb1 Qxa2 13. Rh3 Bb4 14. Rhb3 Nc3
15. Rxb4 Nxe2 16. Rb8+ Bc8 17. Rxa8 O-O 18. Bxe2 Re8 19. Bf6 d6 20. Rbb8 Qa1+
21. Nb1 Qa6 22. c5 Qa5+ 23. Kf1 Qxc5 24. g3 1-0

[Event "Titled Tue 1st Jul Early"]
[Site "chess.com INT"]
[Date "2025.07.01"]
[Round "11"]
[White "Alikulov, Elbek"]
[Black "Mujumdar, Sameer"]
[Result "1-0"]
[WhiteTitle "IM"]
[WhiteElo "2305"]
[BlackElo "2054"]
[WhiteFideId "14203308"]
[BlackFideId "2029707"]
[EventDate "2025.07.01"]

1. e4 c5 2. Nf3 d6 3. d4 cxd4 4. Nxd4 Nf6 5. Nc3 a6 6. h3 e5 7. Nde2 h5 8. g3
Be7 9. Bg2 b5 10. Nd5 Nbd7 11. Be3 Bb7 12. Nec3 Rc8 13. Nxe7 Qxe7 14. a3 h4 15.
g4 Nc5 16. g5 Nfxe4 17. Nxe4 Bxe4 18. Bxe4 Nxe4 19. Qd5 Nxg5 20. O-O-O Ne6 21.
Qxd6 Qxd6 22. Rxd6 Ra8 23. Rhd1 Ke7 24. R1d5 Rh5 25. Rd7+ Kf6 26. f4 Rah8 27.
fxe5+ Rxe5 28. Rxf7+ Kxf7 29. Rxe5 Kf6 30. Re4 g5 31. Bd4+ Nxd4 32. Rxd4 Re8 33.
Kd2 Kf5 34. c4 bxc4 35. Rxc4 Re4 36. Rxe4 Kxe4 37. Ke2 a5 38. b4 a4 39. Kf2 Kd4
40. Kf3 Kc3 41. b5 1-0

[Event "Titled Tue 1st Jul Early"]
[Site "chess.com INT"]
[Date "2025.07.01"]
[Round "11"]
[White "Eswaran, Ashritha"]
[Black "Mourao, Igor A.C.Lofredo"]
[Result "0-1"]
[WhiteTitle "FM"]
[WhiteElo "2236"]
[BlackElo "2177"]
[WhiteFideId "2080788"]
[BlackFideId "2102544"]
[EventDate "2025.07.01"]

1. e4 c5 2. Nf3 Nc6 3. d4 cxd4 4. Nxd4 g6 5. c4 Nf6 6. Nc3 Nxd4 7. Qxd4 d6 8.
Be3 Bg7 9. h3 O-O 10. Qd2 a5 11. Be2 a4 12. Rc1 Be6 13. O-O Qa5 14. Rfd1 Rfc8
15. Nd5 Qxd2 16. Nxf6+ Bxf6 17. Rxd2 b5 18. c5 dxc5 19. Rxc5 Rxc5 20. Bxc5 Bxa2
21. Bxb5 Ra5 22. Rd8+ Kg7 23. Rb8 Bxb2 24. Bxe7 Be6 25. Bxa4 Rxa4 26. Rxb2 Rxe4
27. Bc5 Rc4 28. Be3 Re4 29. Kh2 Rc4 30. Rb7 h6 31. g4 g5 32. Kg3 Ra4 33. f3 Ra3
34. Bd4+ Kg6 35. Rb8 f5 36. Rg8+ Kf7 37. Rg7+ Kf8 38. Rh7 f4+ 39. Kf2 Ra2+ 40.
Ke1 Bd5 41. Rxh6 Bxf3 42. Rg6 Bg2 43. Rxg5 f3 44. Rf5+ Ke7 45. h4 Re2+ 46. Kd1
Re4 47. Bf6+ Ke6 48. h5 Rxg4 49. h6 Kxf5 50. h7 f2 51. h8=Q f1=Q+ 52. Kd2 Qf2+
53. Kd1 Bf3+ 54. Kc1 Rg1# 0-1

[Event "Titled Tue 1st Jul Early"]
[Site "chess.com INT"]
[Date "2025.07.01"]
[Round "11"]
[White "Shinkarev, Mikhailo"]
[Black "Marchesich, Giovanni"]
[Result "1/2-1/2"]
[WhiteTitle "IM"]
[BlackTitle "CM"]
[WhiteElo "2109"]
[BlackElo "2189"]
[WhiteFideId "4145348"]
[BlackFideId "2824790"]
[EventDate "2025.07.01"]

1. c4 c5 2. g3 g6 3. Bg2 Bg7 4. Nc3 Nc6 5. e3 d6 6. Nge2 e6 7. d4 Nge7 8. O-O
O-O 9. b3 b6 10. Bb2 Bb7 11. Qd2 a6 12. Rad1 Qc7 13. Ne4 cxd4 14. Nxd4 Nxd4 15.
Bxd4 e5 16. Bb2 d5 17. cxd5 Bxd5 18. Ba3 Rfd8 19. Qb4 Nc6 20. Qe1 Rd7 21. Rxd5
Rxd5 22. Nf6+ Bxf6 23. Bxd5 Rd8 24. e4 Nd4 25. Kg2 Qc2 26. Qc1 Qe2 27. Qc3 Nb5
28. Qb4 a5 29. Qa4 Nd4 30. h3 Qf3+ 31. Kh2 Qe2 32. Kg2 Qf3+ 33. Kh2 Qe2 34. Kg2 1/2-1/2

[Event "Titled Tue 1st Jul Early"]
[Site "chess.com INT"]
[Date "2025.07.01"]
[Round "11"]
[White "Dyulgerov, Volen"]
[Black "Bruhovich, Olexandr"]
[Result "0-1"]
[WhiteTitle "CM"]
[BlackTitle "CM"]
[WhiteElo "2181"]
[BlackElo "2208"]
[WhiteFideId "2918978"]
[BlackFideId "14119919"]
[EventDate "2025.07.01"]

1. e4 c5 2. d4 cxd4 3. c3 d3 4. Bxd3 g6 5. h4 h5 6. Rh3 d5 7. exd5 Bxh3 8. Nxh3
Bh6 9. Ng5 Nd7 10. c4 Ngf6 11. Nc3 Bg7 12. Bf4 Ng4 13. Nce4 O-O 14. f3 Nge5 15.
g4 hxg4 16. h5 Nxf3+ 17. Nxf3 gxf3 18. Qxf3 Qb6 19. h6 Qg1+ 20. Ke2 Qxa1 21.
hxg7 Qxb2+ 22. Kf1 Qxg7 23. Qh3 Ne5 24. Bh6 Qh7 25. Ng5 Qh8 26. Be4 Rac8 0-1

[Event "Titled Tue 1st Jul Early"]
[Site "chess.com INT"]
[Date "2025.07.01"]
[Round "11"]
[White "Nugumanov, Bakhtiyar"]
[Black "Redor, Menandro"]
[Result "1-0"]
[WhiteTitle "IM"]
[WhiteElo "2305"]
[BlackElo "2021"]
[WhiteFideId "13701797"]
[BlackFideId "5222010"]
[EventDate "2025.07.01"]

1. d4 c6 2. c4 d5 3. cxd5 e6 4. dxe6 Bxe6 5. Nc3 Nf6 6. e4 Bb4 7. f3 O-O 8. Be3
Re8 9. Bd3 c5 10. d5 Bxd5 11. Ne2 Be6 12. O-O Nc6 13. a3 Bxc3 14. Nxc3 Nd4 15.
Rc1 Rc8 16. Ne2 Bb3 17. Qd2 Nxe2+ 18. Qxe2 Qe7 19. Rc3 Be6 20. Rfc1 b6 21. Ba6
Rcd8 22. Bb5 Bd7 23. Bd3 Be6 24. a4 h6 25. a5 Nd7 26. Bb5 Rf8 27. a6 Ne5 28. h3
c4 29. f4 Nd3 30. Rd1 f6 31. Bxc4 Bxc4 32. Rxc4 Nc5 33. Bxc5 bxc5 34. Rd3 Rb8
35. Rd5 Rb5 36. Qc2 Rfb8 37. Rdxc5 Rxb2 38. Qd3 f5 39. e5 Qh4 40. Rc8+ Kf7 41.
Qxf5+ Ke7 42. R4c7# 1-0

[Event "Titled Tue 1st Jul Early"]
[Site "chess.com INT"]
[Date "2025.07.01"]
[Round "11"]
[White "Aradhya, Garg"]
[Black "Vlassov, Nikolai"]
[Result "1/2-1/2"]
[WhiteTitle "IM"]
[BlackTitle "IM"]
[WhiteElo "2370"]
[BlackElo "2291"]
[WhiteFideId "25006746"]
[BlackFideId "4103360"]
[EventDate "2025.07.01"]

1. d4 Nf6 2. c4 Nc6 3. Nf3 e6 4. a3 g6 5. Nc3 Bg7 6. e4 d6 7. Be2 O-O 8. O-O e5
9. d5 Ne7 10. b4 Ne8 11. c5 f5 12. Bg5 h6 13. Bxe7 Qxe7 14. Rc1 Bd7 15. cxd6
cxd6 16. Nd2 h5 17. exf5 gxf5 18. Bxh5 Nf6 19. Rc2 e4 20. Bg6 Rac8 21. h3 Qe5
22. Ndb1 Rc4 23. Qe2 Rfc8 24. Rfc1 Nxd5 25. Nxd5 Rxc2 26. Rxc2 Rxc2 27. Qxc2
Qxd5 28. Nd2 Qc6 29. Qxc6 bxc6 30. g4 fxg4 31. Nxe4 gxh3 32. Nxd6 Be6 33. Be4
Bb2 34. Bxc6 Bxa3 35. Nb5 Bxb4 36. Nxa7 Kf7 37. Nb5 Kf6 38. Nd4 Bc8 39. Nf3 Bc5
40. Be4 Bg4 41. Nh2 Be2 42. Nf3 Bxf3 43. Bxf3 h2+ 44. Kxh2 Bxf2 1/2-1/2

[Event "Titled Tue 1st Jul Early"]
[Site "chess.com INT"]
[Date "2025.07.01"]
[Round "11"]
[White "Aalto, Patrik"]
[Black "Perez Rojas, Jorge"]
[Result "1-0"]
[WhiteTitle "FM"]
[BlackTitle "FM"]
[WhiteElo "2316"]
[BlackElo "2100"]
[WhiteFideId "510726"]
[BlackFideId "3452093"]
[EventDate "2025.07.01"]

1. c4 e5 2. g3 f5 3. Bg2 Nf6 4. Nc3 Nc6 5. Rb1 a5 6. d3 Bc5 7. Nf3 d6 8. e3 O-O
9. O-O Ba7 10. d4 e4 11. Ne1 Bd7 12. f3 exf3 13. Nxf3 Qe8 14. a3 Rd8 15. b4 axb4
16. axb4 Qf7 17. Qd3 g6 18. b5 Ne7 19. Ra1 Bb6 20. Na4 Ne4 21. Nxb6 cxb6 22. Ba3
Rfe8 23. Nd2 d5 24. Nxe4 dxe4 25. Bxe4 Rb8 26. Bg2 Qe6 27. e4 fxe4 28. Bxe4 Rbc8
29. Bxe7 Qxe7 30. Bd5+ Kg7 31. Rf7+ Qxf7 32. Bxf7 Kxf7 33. Rf1+ Kg7 34. d5 1-0

[Event "Titled Tue 1st Jul Early"]
[Site "chess.com INT"]
[Date "2025.07.01"]
[Round "11"]
[White "Silva, Mariana"]
[Black "Murthy, Pappu"]
[Result "1-0"]
[WhiteTitle "WFM"]
[WhiteElo "2039"]
[BlackElo "1836"]
[WhiteFideId "1911899"]
[BlackFideId "2013401"]
[EventDate "2025.07.01"]

1. d4 Nf6 2. c4 e6 3. Nc3 d5 4. cxd5 exd5 5. Bg5 c6 6. e3 h6 7. Bh4 Be7 8. Bd3
O-O 9. Nge2 Ne8 10. Bg3 Nd6 11. O-O Re8 12. Qc2 Bf8 13. Rae1 a5 14. Nf4 Na6 15.
a3 Bd7 16. f3 b5 17. e4 b4 18. Na4 bxa3 19. bxa3 dxe4 20. fxe4 Nb5 21. e5 Nxd4
22. Qc4 Ne6 23. Rd1 Qc7 24. h4 Nac5 25. Nxc5 Bxc5+ 26. Kh2 Bxa3 27. Qe4 1-0

[Event "Titled Tue 1st Jul Early"]
[Site "chess.com INT"]
[Date "2025.07.01"]
[Round "11"]
[White "Mattenberger, Matthias"]
[Black "Zakrzewski, Marek"]
[Result "1-0"]
[WhiteTitle "FM"]
[BlackTitle "FM"]
[WhiteElo "2276"]
[BlackElo "2288"]
[WhiteFideId "1339958"]
[BlackFideId "1170694"]
[EventDate "2025.07.01"]

1. d4 d5 2. c4 Nc6 3. Nc3 Nf6 4. Nf3 Bg4 5. cxd5 Nxd5 6. e4 Nxc3 7. bxc3 e5 8.
d5 Bxf3 9. Qxf3 Nb8 10. Rb1 b6 11. Bb5+ c6 12. dxc6 Qc7 13. O-O Bc5 14. Qg3 f6
15. Bc4 Nxc6 16. Bd5 O-O-O 17. a4 Na5 18. Kh1 g5 19. Qf3 Qe7 20. Be3 Bxe3 21.
Qxe3 h5 22. c4 Rd7 23. Rfc1 Rc7 24. c5 Rxc5 25. Rxc5+ bxc5 26. Rb5 Qd8 27. Qxc5+
Kd7 28. Rxa5 1-0

[Event "Titled Tue 1st Jul Early"]
[Site "chess.com INT"]
[Date "2025.07.01"]
[Round "11"]
[White "Mayta Aiza, Maveric"]
[Black "Burmakin, Evgeniy"]
[Result "1-0"]
[WhiteTitle "CM"]
[BlackTitle "FM"]
[WhiteElo "2180"]
[BlackElo "2110"]
[WhiteFideId "3307336"]
[BlackFideId "4163729"]
[EventDate "2025.07.01"]

1. e4 c5 2. Nc3 Nc6 3. g3 g6 4. Bg2 d6 5. d3 Bg7 6. Be3 e6 7. Qd2 Rb8 8. a4 a6
9. f4 Nge7 10. h4 h5 11. Nf3 b6 12. O-O d5 13. exd5 exd5 14. d4 O-O 15. Ne5 Nxd4
16. Bxd4 cxd4 17. Qxd4 Nf5 18. Qxd5 Nxg3 19. Rfd1 Qxh4 20. Nxg6 Qg4 21. Nxf8 Bb7
22. Qg5 Qxg5 23. fxg5 Bxf8 24. Bxb7 Rxb7 25. Rd8 Kg7 26. Kg2 Nf5 27. Rf1 Ne3+
28. Kf2 Nxf1 29. Kxf1 Be7 30. Rd5 Kg6 31. Ne4 Rc7 32. c3 Rc4 33. Re5 Bd8 34. b3
Rc6 35. Rd5 Be7 36. Ke2 Re6 37. Kf3 Ba3 38. Ng3 Bc1 39. Ne4 h4 40. b4 h3 41. Nf2
h2 42. Rd1 Bxg5 43. Ng4 Rc6 44. Ne5+ Kf5 45. Nxc6 1-0